Don Mariano Lebrón Saviñón : (Registro nro. 15133)

Detalles MARC
000 -LIDER
fixed length control field 01064nam a2200265 a 4500
001 - NÚMERO DE CONTROL
Identificador de número de control 000017831
003 - IDENTIFICACDOR DE NÚMERO DE CONTROL
control field DO-SdBPM
005 - DATE AND TIME OF LATEST TRANSACTION
control field 20250609111743.0
008 - ELEMENTOS DE LONGITUD FIJA
fixed length control field 100406t2002 dr 001 e spa d
020 ## - ISBN
Canceled/invalid ISBN 9993431192
040 ## - FUENTE DE CATALOGACIÓN
Agencia que crea de manera original el registro DO-SdBNP
Idioma de catalogación spa
Agencia que realiza la transcripción BPMSU
Convenciones de la despripción
082 #4 - NÚMERO DE CLASIFICACIÓN DECIMAL DE DEWEY
Classification number 928
Item number L697V 2002
Edition number 22
100 1# - ASIENTO PRINCIPAL -- NOMBRE PERSONAL
Nombre personal Villegas, Víctor,
Fechas asociadas con el nombre 1924-
245 10 - MENCIÓN DE TITULO
Título Don Mariano Lebrón Saviñón :
Subtítulo un hombre de antorchas múltiples /
Mención de responsabilidad Víctor Villegas.
260 ## - PUBLICACIÓN, DISTRIBUCIÓN, ETC. (PIE DE IMPRENTA)
Lugar de publicación, distribución, etc Santo Domingo :
Nombre del editor, distribuidor, etc. Biblioteca Nacional Pedro Henríquez Ureña,
Fecha de publicación, distribución, etc 2002.
Impresor
300 ## - DESCRIPCIÓN FÍSICA
Extensión 16 p. ;
Dimensiones 22 cm.
490 1# - MENCIÓN DE SERIES
Mención de serie Colección Biblioteca Nacional Pedro Henríquez Ureña ;
-- Biografías y semblanzas
Volume/sequential designation 14/no. 3
500 ## - NOTA GENERAL
Nota general Prólogo al libro "Santo Domingo en la vida de Martí y otros ensayos". Santo Domingo, BNPHU, 2000. p. 9-19.
590 ## - NOTA LOCAL
Texto de la nota local Inventariado, 2025/VM
600 14 - ENCABEZAMIENTO DE MATERIA--NOMBRE PERSONAL
Nombre personal Lebrón Saviñon, Mariano
Fechas asociadas con el nombre 1922-2014
Subdivisión temática general Crítica e interpretación
650 #4 - ENCABEZAMIENTO DE MATERIA--TEMÁTICO
Término temático o nombre geográfico como elemento de entrada Autores dominicanos
651 #4 - ENCABEZAMIENTO DE MATERIA--NOMBRE GEOGRÁFICO
Nombre geográfico República Dominicana
Subdivisión temática general Vida Intelectual
910 ## - VALIDACIÓN
Validación VMateo V. Control de calidad BPMSU
942 ## - ADDED ENTRY ELEMENTS (KOHA)
Source of classification or shelving scheme Dewey Decimal Classification
Koha item type Libros
Existencias
Withdrawn status Lost status Source of classification or shelving scheme Damaged status Not for loan Collection code Home library Current library Date acquired Total Checkouts Full call number Barcode Date last seen Price effective from Koha item type
    Dewey Decimal Classification     Colección Dominicana Biblioteca Pública Metropolitana Salomé Ureña Biblioteca Pública Metropolitana Salomé Ureña 06/09/2025   BPMSU CD 928 L697V 2002 BPMSU25060020 06/09/2025 06/09/2025 Libros